Indovina il Paese dall'Isola #2 - Statistics

Statistiche generali
  • Questo quiz è stato fatto 52 volte
  • Il punteggio medio è 9 su 15
Statistiche sulle risposte
Isola Stato % Corretto
Okinawa Giappone
98%
Capri Italia
96%
Sardegna Italia
94%
Isola di Man Regno Unito
87%
Fuerteventura Spagna
87%
Porto Rico Stati Uniti
87%
Guadalupa Francia
74%
Fernando da Noronha Brasile
66%
Bornholm Danimarca
49%
Luzon Filippine
47%
Isola di Natale Australia
45%
Samos Grecia
30%
Santa Catarina Stati Uniti
21%
Bougainville Papua Nuova Guinea
13%
Mahé Seychelles
4%
Nessun quiz corrispondente trovato
Distribuzione punteggi
Percentuale di utenti per punteggio
Percentile per numero di risposta
I tuoi punteggi nel tempo
Non hai fatto questo quiz